Growth and diversification in India's emerging economy (Record no. 446212)

000 -LEADER
fixed length control field 00433cam a22001217a 4500
008 - FIXED-LENGTH DATA ELEMENTS--GENERAL INFORMATION
fixed length control field 180718b2017 xxu||||| |||| 00| 0 eng d
020 ## - INTERNATIONAL STANDARD BOOK NUMBER
International Standard Book Number 9789386453068
245 ## - TITLE STATEMENT
Title Growth and diversification in India's emerging economy
Statement of responsibility, etc. edited by Pranab Kumar Chattopadhyay and Daya Shankar Kushwaha
260 ## - PUBLICATION, DISTRIBUTION, ETC.
Place of publication, distribution, etc. New Delhi
Name of publisher, distributor, etc. New Delhi Publishers
Date of publication, distribution, etc. 2017
300 ## - PHYSICAL DESCRIPTION
Extent 158p.
700 ## - ADDED ENTRY--PERSONAL NAME
Personal name Kushwaha, Daya Shankar
700 ## - ADDED ENTRY--PERSONAL NAME
Personal name Chattopadhyay, Pranab Kumar
Holdings
Withdrawn status Lost status Damaged status Not for loan Permanent Location Current Location Date acquired Full call number Barcode Date last seen Price effective from Koha item type
        Indian Institute of Public Administration Indian Institute of Public Administration 2018-03-01 T19x5412 C392 87349 2018-07-21 2018-07-21 Book

Powered by Koha